000 00690nam a2200181Ia 4500
008 151202s9999||||xx |||||||||||||| ||und||
082 _bPNVM-82539
100 _aचैतन्य दीपक.
245 _aचिकू - एक अविस्मरणीय दाद.
260 _bनंदादीप बुक सर्व्हीसेस सोलापुर.
260 _c2013
300 _a144
600 _aचैतन्य दीपक.
630 _aचिकू - एक अविस्मरणीय दाद.
700 _aचैतन्य दीपक.
730 _aचिकू - एक अविस्मरणीय दाद.
942 _cBOOK
999 _c1347147
_d1347144